00555nam a22001577a 450000500170000000800410001702000140005804100130007208200160008510000400010124501220014125000200026326000570028330000310034065000260037120231107093431.0231107b |||||||| |||| 00| 0 eng d a409019119 aEnglish  a346.47 CHO  aWebster, GC and Page, NS lEnglish  aChowles and Webster's South African Law of Trade Marks, Company Names and Trading Styles / cGC Webster and NS Page  aSecond Edition  aDurban : bButterworth and Company (Pty) Ltd, c1972 bxli, 553 pages ; c25 cm.  aLegal practice bLaw